000 00755nam a2200205Ia 4500
005 20241129111300.0
008 241129s9999||||xx |||||||||||||| ||und||
037 _aTB
040 _aCRL
_bpun
_cCRL
041 _apun
_2pun
084 _aY73(P153):351 153R2
_qCRL
100 _aਘੁੰਮਣ, ਬਿਕਰਮ ਸਿੰਘ, ਚ।
245 0 _aਪੰਜਾਬੀ ਲੋਕ ਗੀਤ
_cਘੁੰਮਣ, ਬਿਕਰਮ ਸਿੰਘ, ਚ।
260 _aਅੰਮ੍ਰਿਤਸਰ, ਭਾਰਤ
_bਅੰਮ੍ਰਿਤਸਰ ਵਾਰਿਸ ਸ਼ਾਹ ਫ਼ਾਉਡੇਸ਼ਨ
_c2018
300 _a288ਪ੍ਰ0
365 _aINR
_b350
650 _aSociology
942 _cTB
_hY73(P153):351 153R2
999 _c1229731
_d1229731